Loading...
| Current Events | 4 | 25.00 | 100% | 100% | 50% |
| Fine Arts - Classical Music | 7 | 21.43 | 100% | 86% | 29% |
| Fine Arts - Other | 6 | 25.00 | 100% | 100% | 50% |
| Fine Arts - Painting and Sculpture | 7 | 17.14 | 71% | 86% | 14% |
| Geography | 4 | 25.00 | 100% | 75% | 75% |
| History - American | 2 | 20.00 | 100% | 100% | 0% |
| History - European | 5 | 18.00 | 80% | 60% | 40% |
| History - Other | 3 | 20.00 | 100% | 100% | 0% |
| History - World | 5 | 20.00 | 100% | 80% | 20% |
| Literature - American | 5 | 14.00 | 100% | 20% | 20% |
| Literature - British | 7 | 12.86 | 86% | 29% | 14% |
| Literature - European | 8 | 18.75 | 100% | 75% | 13% |
| Literature - World | 5 | 16.00 | 100% | 60% | 0% |
| Mythology | 7 | 15.71 | 100% | 29% | 29% |
| Philosophy | 5 | 14.00 | 80% | 60% | 0% |
| Popular Culture | 1 | 30.00 | 100% | 100% | 100% |
| Religion | 4 | 15.00 | 75% | 75% | 0% |
| Science - Biology | 5 | 16.00 | 60% | 80% | 20% |
| Science - Chemistry | 7 | 14.29 | 86% | 57% | 0% |
| Science - Other | 5 | 26.00 | 100% | 80% | 80% |
| Science - Physics | 7 | 17.14 | 100% | 43% | 29% |
| Social Science | 5 | 20.00 | 60% | 80% | 60% |